| 000 | 00478nam a2200169Ia 4500 | ||
|---|---|---|---|
| 999 |
_c21166 _d21166 |
||
| 003 | OSt | ||
| 005 | 20200610100558.0 | ||
| 008 | 190216s9999||||xx |||||||||||||| ||und|| | ||
| 020 | _a9788178241340 | ||
| 040 | _coclc | ||
| 082 |
_a393.90954 _bFIS/I |
||
| 100 |
_aFisch, Jorg _92719 |
||
| 245 | 0 |
_aImmolating Women / _cJorg Fisch |
|
| 260 |
_bPermanent Black Pub, _aDelhi: _c2005. |
||
| 300 | _a610p | ||
| 942 |
_cBK _2ddc _h393.90954 _iFIS/I _k393.90954 _mFIS/I |
||